000 00466nam a2200157Ia 4500
003 GCL
008 140319s9999 xx 000 0 eng d
040 _aGCL /
_cGCL
082 0 4 _a153
_bC Q
100 1 _aQUINLAN, PHILIP
245 1 0 _aCONNECTIONISM AND PSYCHOLOGY: A PSYCHOLOGICAL PERSPECTIVE ON NEW CONNECTIONIST RESEARCH /
_cQUINLAN, PHILIP
260 _a[S.N] :
_bHARVESTER WHEATSHEAF ،
_c1991
300 _a293 P
650 0 4 _aCONNECTIONISM
942 _2ddc
_cBK
999 _c23924
_d23924